<?xml version="1.0" encoding="UTF-8"?>
<record
    xmlns:xsi="http://www.w3.org/2001/XMLSchema-instance"
    xsi:schemaLocation="http://www.loc.gov/MARC21/slim http://www.loc.gov/standards/marcxml/schema/MARC21slim.xsd"
    xmlns="http://www.loc.gov/MARC21/slim">

  <leader>01112nam a2200229 i 4500</leader>
  <controlfield tag="001">182974</controlfield>
  <controlfield tag="003">ES-MaACL</controlfield>
  <controlfield tag="005">20251121172544.0</controlfield>
  <controlfield tag="008">140108m18911892sp           |||| | spa d</controlfield>
  <datafield tag="080" ind1=" " ind2=" ">
    <subfield code="a">008(460)"18"</subfield>
  </datafield>
  <datafield tag="100" ind1="1" ind2=" ">
    <subfield code="a">Palau y Catal&#xE1;, Melchor de, </subfield>
    <subfield code="d">1843-1910</subfield>
    <subfield code="9">130794</subfield>
  </datafield>
  <datafield tag="245" ind1="1" ind2="0">
    <subfield code="a">Acontecimientos literarios, 1890 / </subfield>
    <subfield code="c">Melchor de Palau.</subfield>
  </datafield>
  <datafield tag="260" ind1=" " ind2=" ">
    <subfield code="a">Madrid : </subfield>
    <subfield code="b">Librer&#xED;a de D. A. San Mart&#xED;n, </subfield>
    <subfield code="c">1891-1892.</subfield>
  </datafield>
  <datafield tag="300" ind1=" " ind2=" ">
    <subfield code="a">2 v. (63 p.) ; </subfield>
    <subfield code="c">24 cm.</subfield>
  </datafield>
  <datafield tag="505" ind1="8" ind2=" ">
    <subfield code="a">Contiene: Cuaderno 6&#xBA;. Jesus infant: Nazareth ; Chorimas ; Peque&#xF1;eces ; &#xCD;ndice de obras y de fechas notables -- Cuaderno 7&#xBA;. Trovadores catalanes contempor&#xE1;neos ; Poes&#xED;as de Am&#xF3;s de Escalante ; Muerte de D. Tom&#xE1;s Rodr&#xED;guez Rub&#xED; ; Dos estatuas: la de Iparraguirre y la de Manuel Cabanyes ; &#xCD;ndice de obras y de fechas notables (cont.)</subfield>
  </datafield>
  <datafield tag="597" ind1=" " ind2=" ">
    <subfield code="a">Paginaci&#xF3;n continua</subfield>
  </datafield>
  <datafield tag="600" ind1="1" ind2="4">
    <subfield code="a">Escalante, Am&#xF3;s de, </subfield>
    <subfield code="d">1831-1902</subfield>
    <subfield code="9">47461</subfield>
  </datafield>
  <datafield tag="600" ind1="1" ind2="7">
    <subfield code="a">Rodr&#xED;guez Rub&#xED;, Tom&#xE1;s, </subfield>
    <subfield code="d">1817-1890</subfield>
    <subfield code="2"></subfield>
    <subfield code="9">131953</subfield>
  </datafield>
  <datafield tag="651" ind1=" " ind2="4">
    <subfield code="a">Espa&#xF1;a-</subfield>
    <subfield code="x">Vida intelectual-</subfield>
    <subfield code="y">S.XIX.</subfield>
    <subfield code="9">138445</subfield>
  </datafield>
  <datafield tag="852" ind1="4" ind2=" ">
    <subfield code="a">ES-MaACL</subfield>
    <subfield code="j">T-1114-F-8-9</subfield>
  </datafield>
  <datafield tag="999" ind1=" " ind2=" ">
    <subfield code="c">182974</subfield>
    <subfield code="d">182974</subfield>
  </datafield>
  <datafield tag="952" ind1=" " ind2=" ">
    <subfield code="0">0</subfield>
    <subfield code="1">0</subfield>
    <subfield code="4">0</subfield>
    <subfield code="7">0</subfield>
    <subfield code="8">Colecci&#xF3;n_de_folletos</subfield>
    <subfield code="a">ATENEOM</subfield>
    <subfield code="b">ATENEOM</subfield>
    <subfield code="c">DEPOF</subfield>
    <subfield code="d">2014-01-08</subfield>
    <subfield code="e">DON</subfield>
    <subfield code="l">0</subfield>
    <subfield code="o">T-1114-F-8-9</subfield>
    <subfield code="p">1192309</subfield>
    <subfield code="r">2023-02-23 00:00:00</subfield>
    <subfield code="w">2023-02-23</subfield>
    <subfield code="y">FOLLETOS</subfield>
  </datafield>
</record>
